[Event "World Chess Olympiad 2018"]
[Site "Batumi"]
[Date "2018.09.30"]
[Round "6"]
[Board "3"]
[WhiteFideId "2212552"]
[White "Huguet Sergio"]
[BlackFideId "5600359"]
[Black "Psaila Clarence"]
[Result "1/2-1/2"]
[LiveChessVersion "1.4.8"]
[BlackElo "2002"]
[WhiteElo "2053"]

1. e4 {[%clk 1:30:57]} e6 {[%clk 1:30:51]} 2. Qe2 {[%clk 1:30:44]} d5
{[%clk 1:31:09]} 3. d3 {[%clk 1:30:50]} Nc6 {[%clk 1:31:24]} 4. Nf3
{[%clk 1:30:30]} e5 {[%clk 1:30:34]} 5. exd5 {[%clk 1:24:24]} Qxd5
{[%clk 1:30:31]} 6. Nc3 {[%clk 1:18:15]} Qe6 {[%clk 1:21:28]} 7. g3
{[%clk 1:15:33]} Bd7 {[%clk 1:11:03]} 8. Bg2 {[%clk 1:12:14]} O-O-O
{[%clk 1:04:55]} 9. O-O {[%clk 1:09:18]} f6 {[%clk 0:59:30]} 10. Be3
{[%clk 1:06:02]} g5 {[%clk 0:58:30]} 11. Nd2 {[%clk 0:59:38]} Nd4
{[%clk 0:44:59]} 12. Bxd4 {[%clk 0:53:37]} exd4 {[%clk 0:45:17]} 13. Qxe6
{[%clk 0:53:15]} Bxe6 {[%clk 0:45:45]} 14. Nce4 {[%clk 0:47:24]} h6
{[%clk 0:34:59]} 15. Nb3 {[%clk 0:44:46]} Bxb3 {[%clk 0:27:32]} 16. axb3
{[%clk 0:44:26]} f5 {[%clk 0:27:50]} 17. Nd2 {[%clk 0:35:50]} a6 {[%clk 0:26:58]}
18. Nc4 {[%clk 0:33:06]} Rh7 {[%clk 0:18:36]} 19. Rfe1 {[%clk 0:31:03]} Re7
{[%clk 0:18:39]} 20. Rxe7 {[%clk 0:28:23]} Nxe7 {[%clk 0:18:44]} 21. Re1
{[%clk 0:27:01]} c6 {[%clk 0:16:42]} 22. Ne5 {[%clk 0:16:25]} Kc7
{[%clk 0:15:05]} 23. Nf7 {[%clk 0:15:26]} Re8 {[%clk 0:14:39]} 24. Re6
{[%clk 0:14:54]} Kd7 {[%clk 0:10:10]} 25. Rd6+ {[%clk 0:12:34]} Kc7
{[%clk 0:10:39]} 26. Re6 {[%clk 0:11:47]} Kd7 {[%clk 0:11:07]} 27. Rd6+
{[%clk 0:10:08]} Kc7 {[%clk 0:11:35]} 28. Re6 1/2-1/2

[Event "World Chess Olympiad 2018"]
[Site "Batumi"]
[Date "2018.09.30"]
[Round "6"]
[Board "4"]
[WhiteFideId "5600405"]
[White "Said Oliver"]
[BlackFideId "8400342"]
[Black "Medina Viana Ricardo"]
[Result "0-1"]
[LiveChessVersion "1.4.8"]
[BlackElo "2048"]
[WhiteElo "1924"]

1. e4 {[%clk 1:30:58]} c6 {[%clk 1:30:50]} 2. d4 {[%clk 1:31:16]} d5
{[%clk 1:31:10]} 3. Nd2 {[%clk 1:31:23]} dxe4 {[%clk 1:31:10]} 4. Nxe4
{[%clk 1:31:51]} Nf6 {[%clk 1:31:17]} 5. Nxf6+ {[%clk 1:32:07]} exf6
{[%clk 1:31:34]} 6. Bc4 {[%clk 1:21:44]} Be7 {[%clk 1:27:37]} 7. Ne2
{[%clk 1:22:05]} Bf5 {[%clk 1:27:18]} 8. Ng3 {[%clk 1:20:43]} Be6
{[%clk 1:21:20]} 9. Bxe6 {[%clk 1:16:01]} fxe6 {[%clk 1:21:37]} 10. Qg4
{[%clk 1:16:07]} Kf7 {[%clk 1:21:44]} 11. O-O {[%clk 0:56:09]} Qd5
{[%clk 1:18:35]} 12. Re1 {[%clk 0:51:26]} Nd7 {[%clk 1:14:14]} 13. Qe2
{[%clk 0:37:58]} Nf8 {[%clk 1:14:26]} 14. Qh5+ {[%clk 0:35:10]} Qxh5
{[%clk 1:09:03]} 15. Nxh5 {[%clk 0:35:37]} Bd6 {[%clk 1:08:49]} 16. Bf4
{[%clk 0:35:19]} Rd8 {[%clk 1:09:01]} 17. Bxd6 {[%clk 0:34:50]} Rxd6
{[%clk 1:09:17]} 18. c3 {[%clk 0:34:36]} Ng6 {[%clk 1:09:35]} 19. f4
{[%clk 0:32:12]} f5 {[%clk 1:00:57]} 20. Re2 {[%clk 0:29:42]} Rc8
{[%clk 0:56:33]} 21. Rf2 {[%clk 0:23:57]} c5 {[%clk 0:55:23]} 22. dxc5
{[%clk 0:24:09]} Rxc5 {[%clk 0:55:38]} 23. Ng3 {[%clk 0:23:53]} Rcd5
{[%clk 0:55:38]} 24. Nf1 {[%clk 0:22:49]} Rd3 {[%clk 0:55:13]} 25. g3
{[%clk 0:22:12]} Nf8 {[%clk 0:55:10]} 26. Re1 {[%clk 0:21:50]} Nd7
{[%clk 0:47:37]} 27. Ne3 {[%clk 0:22:04]} b5 {[%clk 0:47:31]} 28. Nc2
{[%clk 0:22:22]} Rd1 {[%clk 0:35:18]} 29. Kf1 {[%clk 0:22:16]} Nc5
{[%clk 0:31:35]} 30. Nd4 {[%clk 0:21:48]} Rxe1+ {[%clk 0:31:54]} 31. Kxe1
{[%clk 0:22:01]} Nd3+ {[%clk 0:32:16]} 32. Ke2 {[%clk 0:22:27]} Nxf2
{[%clk 0:32:25]} 33. Kxf2 {[%clk 0:22:54]} a6 {[%clk 0:32:40]} 34. Ke3
{[%clk 0:22:44]} Kf6 {[%clk 0:29:33]} 35. b3 {[%clk 0:21:53]} e5 {[%clk 0:24:52]}
36. fxe5+ {[%clk 0:22:09]} Kxe5 {[%clk 0:25:12]} 37. Nf3+ {[%clk 0:22:14]} Kf6
{[%clk 0:24:10]} 38. Nd4 {[%clk 0:21:55]} g5 {[%clk 0:23:54]} 39. c4
{[%clk 0:22:01]} bxc4 {[%clk 0:23:54]} 40. bxc4 {[%clk 0:52:22]} h6
{[%clk 0:52:31]} 41. a4 {[%clk 0:46:10]} g4 {[%clk 0:48:52]} 42. a5
{[%clk 0:36:39]} Ke5 {[%clk 0:47:44]} 43. Nc2 {[%clk 0:36:32]} Rd1
{[%clk 0:46:13]} 44. Nb4 {[%clk 0:36:15]} Ra1 {[%clk 0:33:16]} 45. c5
{[%clk 0:31:11]} Ra4 {[%clk 0:30:23]} 46. Nxa6 {[%clk 0:30:52]} Ra3+
{[%clk 0:25:58]} 47. Kd2 {[%clk 0:30:58]} Rxa5 {[%clk 0:25:58]} 48. Nb4
{[%clk 0:31:02]} Ra1 {[%clk 0:25:12]} 49. Kd3 {[%clk 0:27:58]} Rh1
{[%clk 0:24:11]} 50. Kc4 {[%clk 0:26:38]} Rxh2 {[%clk 0:24:23]} 51. Nc6+
{[%clk 0:23:45]} Ke4 {[%clk 0:19:06]} 52. Nb4 {[%clk 0:23:23]} Rd2
{[%clk 0:17:25]} 53. c6 {[%clk 0:21:02]} Rd8 {[%clk 0:17:43]} 54. Nd5
{[%clk 0:20:17]} Rxd5 {[%clk 0:17:47]} 55. c7 {[%clk 0:20:23]} Rd1
{[%clk 0:18:10]} 0-1

[Event "World Chess Olympiad 2018"]
[Site "Batumi"]
[Date "2018.09.30"]
[Round "6"]
[Board "1"]
[WhiteFideId "14800098"]
[White "Paiva Donaldo"]
[BlackFideId "14306310"]
[Black "Degondo Simplice Armel"]
[Result "0-1"]
[LiveChessVersion "1.4.8"]
[BlackElo "2138"]
[WhiteElo "2206"]

1. d4 {[%clk 1:30:06]} d5 {[%clk 1:30:58]} 2. c4 {[%clk 1:30:31]} c6
{[%clk 1:31:23]} 3. Nf3 {[%clk 1:30:56]} Nf6 {[%clk 1:31:52]} 4. Nc3
{[%clk 1:31:20]} e6 {[%clk 1:32:18]} 5. Bg5 {[%clk 1:31:44]} h6 {[%clk 1:32:14]}
6. Bh4 {[%clk 1:31:50]} dxc4 {[%clk 1:32:22]} 7. e4 {[%clk 1:32:13]} g5
{[%clk 1:32:49]} 8. Bg3 {[%clk 1:32:38]} b5 {[%clk 1:33:01]} 9. Be2
{[%clk 1:32:52]} Bb7 {[%clk 1:30:06]} 10. O-O {[%clk 1:32:55]} Nbd7
{[%clk 1:11:49]} 11. Qc2 {[%clk 1:32:10]} Nh5 {[%clk 1:08:13]} 12. Rad1
{[%clk 1:30:27]} Nxg3 {[%clk 1:05:22]} 13. fxg3 {[%clk 1:29:41]} Bg7
{[%clk 1:05:45]} 14. d5 {[%clk 1:29:50]} Qb6+ {[%clk 1:05:35]} 15. Kh1
{[%clk 1:30:13]} exd5 {[%clk 1:02:14]} 16. exd5 {[%clk 1:30:35]} O-O
{[%clk 1:02:26]} 17. Qf5 {[%clk 1:27:34]} Rad8 {[%clk 0:52:37]} 18. d6
{[%clk 1:16:30]} Qc5 {[%clk 0:45:11]} 19. Qc2 {[%clk 1:14:03]} Nf6
{[%clk 0:44:49]} 20. Nd4 {[%clk 0:55:44]} Rxd6 {[%clk 0:43:15]} 21. Nf5
{[%clk 0:56:08]} Rxd1 {[%clk 0:43:03]} 22. Bxd1 {[%clk 0:55:13]} Re8
{[%clk 0:38:48]} 23. Qd2 {[%clk 0:47:50]} Qe5 {[%clk 0:34:16]} 24. h4
{[%clk 0:40:30]} Bc8 {[%clk 0:11:56]} 25. hxg5 {[%clk 0:40:33]} hxg5
{[%clk 0:12:23]} 26. Qxg5 {[%clk 0:40:33]} Bxf5 {[%clk 0:12:51]} 27. Rxf5
{[%clk 0:40:46]} Qe1+ {[%clk 0:13:18]} 28. Kh2 {[%clk 0:41:07]} Qe3
{[%clk 0:13:35]} 29. Qxe3 {[%clk 0:38:36]} Rxe3 {[%clk 0:14:03]} 30. Rc5
{[%clk 0:38:35]} Nd7 {[%clk 0:08:09]} 31. Rxc6 {[%clk 0:38:41]} Bxc3
{[%clk 0:07:49]} 32. bxc3 {[%clk 0:39:06]} Rxc3 {[%clk 0:07:52]} 33. Rc7
{[%clk 0:39:32]} Rd3 {[%clk 0:06:39]} 34. Bc2 {[%clk 0:39:52]} Rd2
{[%clk 0:06:20]} 35. Bf5 {[%clk 0:40:17]} Ne5 {[%clk 0:04:53]} 36. Rxa7
{[%clk 0:40:42]} c3 {[%clk 0:04:27]} 37. Rc7 {[%clk 0:39:23]} Nc4
{[%clk 0:03:16]} 38. a4 {[%clk 0:39:47]} Ne3 {[%clk 0:03:05]} 39. axb5
{[%clk 0:35:42]} Nxf5 {[%clk 0:03:16]} 40. Rxc3 {[%clk 1:06:00]} Rb2
{[%clk 0:33:25]} 41. g4 {[%clk 1:04:11]} Nd4 {[%clk 0:32:00]} 42. Rc4
{[%clk 1:04:04]} Nxb5 {[%clk 0:32:27]} 43. Kg3 {[%clk 1:04:24]} Kg7
{[%clk 0:32:20]} 44. Rc6 {[%clk 1:04:12]} Nd4 {[%clk 0:32:09]} 45. Ra6
{[%clk 1:04:36]} Rb3+ {[%clk 0:30:24]} 46. Kh4 {[%clk 1:03:38]} Ne6
{[%clk 0:29:56]} 47. Ra4 {[%clk 1:03:48]} Rd3 {[%clk 0:30:03]} 48. Rb4
{[%clk 1:03:39]} Nf8 {[%clk 0:29:54]} 49. g3 {[%clk 1:02:58]} Kg6
{[%clk 0:29:42]} 50. Rb6+ {[%clk 1:03:03]} Ne6 {[%clk 0:30:08]} 51. Ra6
{[%clk 1:02:42]} Rd8 {[%clk 0:28:33]} 52. g5 {[%clk 1:02:10]} Rd4+
{[%clk 0:28:29]} 53. g4 {[%clk 1:02:04]} Rd8 {[%clk 0:28:57]} 54. Rb6
{[%clk 1:02:09]} Rh8+ {[%clk 0:29:19]} 55. Kg3 {[%clk 1:02:11]} Kxg5
{[%clk 0:29:44]} 56. Rb5+ {[%clk 1:02:22]} Kg6 {[%clk 0:30:13]} 57. Rb6
{[%clk 1:02:44]} Rc8 {[%clk 0:30:01]} 58. Ra6 {[%clk 1:02:55]} Kg5
{[%clk 0:29:40]} 59. Ra3 {[%clk 1:02:12]} Rc4 {[%clk 0:28:10]} 60. Ra5+
{[%clk 1:02:11]} Nc5 {[%clk 0:28:38]} 61. Ra7 {[%clk 1:01:14]} Rxg4+
{[%clk 0:28:29]} 62. Kf3 {[%clk 1:01:21]} Rf4+ {[%clk 0:28:50]} 63. Ke3
{[%clk 1:01:42]} Re4+ {[%clk 0:28:27]} 64. Kf3 {[%clk 1:01:57]} f5
{[%clk 0:28:44]} 65. Rg7+ {[%clk 1:01:58]} Kf6 {[%clk 0:29:12]} 66. Rg8
{[%clk 1:02:14]} Nd3 {[%clk 0:28:21]} 67. Rf8+ {[%clk 1:02:32]} Kg6
{[%clk 0:28:49]} 68. Rg8+ {[%clk 1:02:37]} Kf7 {[%clk 0:29:15]} 69. Ra8
{[%clk 1:02:58]} Ne5+ {[%clk 0:29:33]} 70. Kf2 {[%clk 1:03:19]} Kf6
{[%clk 0:29:37]} 71. Rg8 {[%clk 1:03:29]} Ra4 {[%clk 0:28:44]} 72. Re8
{[%clk 1:03:33]} Ra3 {[%clk 0:29:02]} 0-1

[Event "World Chess Olympiad 2018"]
[Site "Batumi"]
[Date "2018.09.30"]
[Round "6"]
[Board "2"]
[WhiteFideId "20800088"]
[White "Ble Kouko Hubert"]
[BlackFideId "14800063"]
[Black "Abrantes Persson"]
[Result "0-1"]
[LiveChessVersion "1.4.8"]
[BlackElo "2055"]
[WhiteElo "1829"]

1. d4 {[%clk 1:29:33]} Nf6 {[%clk 1:30:52]} 2. c4 {[%clk 1:30:01]} e6
{[%clk 1:31:09]} 3. Nc3 {[%clk 1:29:32]} d5 {[%clk 1:31:35]} 4. cxd5
{[%clk 1:28:55]} exd5 {[%clk 1:32:02]} 5. Nf3 {[%clk 1:28:48]} c6
{[%clk 1:31:53]} 6. Bg5 {[%clk 1:26:46]} Be7 {[%clk 1:32:01]} 7. e3
{[%clk 1:26:58]} Qb6 {[%clk 1:31:10]} 8. Rb1 {[%clk 1:23:12]} Bg4
{[%clk 1:30:58]} 9. Bd3 {[%clk 1:22:54]} Na6 {[%clk 1:30:38]} 10. a3
{[%clk 1:19:03]} O-O {[%clk 1:29:13]} 11. h3 {[%clk 1:17:43]} Bh5
{[%clk 1:29:30]} 12. O-O {[%clk 1:17:48]} Rfd8 {[%clk 1:28:31]} 13. Qc2
{[%clk 1:14:21]} Bxf3 {[%clk 1:27:14]} 14. gxf3 {[%clk 1:14:04]} g6
{[%clk 1:23:53]} 15. Rfc1 {[%clk 1:11:50]} Nb8 {[%clk 1:23:33]} 16. b4
{[%clk 1:08:08]} Qc7 {[%clk 1:23:00]} 17. Bf4 {[%clk 1:04:37]} Qd7
{[%clk 1:22:40]} 18. Kg2 {[%clk 0:58:53]} a5 {[%clk 1:18:08]} 19. Na4
{[%clk 0:59:03]} Ra7 {[%clk 1:11:27]} 20. Nc5 {[%clk 0:51:44]} Qc8
{[%clk 1:08:54]} 21. bxa5 {[%clk 0:45:16]} Nbd7 {[%clk 1:06:26]} 22. Nxd7
{[%clk 0:40:40]} Qxd7 {[%clk 1:02:29]} 23. Qb3 {[%clk 0:33:52]} Rda8
{[%clk 0:58:59]} 24. a4 {[%clk 0:30:13]} Nh5 {[%clk 0:58:09]} 25. Bh2
{[%clk 0:29:46]} f5 {[%clk 0:57:31]} 26. Rc2 {[%clk 0:27:01]} f4 {[%clk 0:57:38]}
27. Rcb2 {[%clk 0:26:08]} Bd6 {[%clk 0:57:39]} 28. e4 {[%clk 0:23:54]} Bc7
{[%clk 0:54:52]} 29. a6 {[%clk 0:21:04]} bxa6 {[%clk 0:54:33]} 30. exd5
{[%clk 0:20:40]} cxd5 {[%clk 0:51:10]} 31. Qa2 {[%clk 0:19:01]} Ng7
{[%clk 0:47:02]} 32. Rb7 {[%clk 0:14:42]} Ne6 {[%clk 0:47:11]} 33. Bf1
{[%clk 0:08:42]} Rxb7 {[%clk 0:42:38]} 34. Rxb7 {[%clk 0:09:10]} Qc6
{[%clk 0:42:18]} 35. Qb3 {[%clk 0:06:04]} Kh8 {[%clk 0:31:50]} 36. Bd3
{[%clk 0:03:39]} Kg7 {[%clk 0:26:56]} 37. h4 {[%clk 0:01:49]} Kf6
{[%clk 0:26:31]} 38. Bf1 {[%clk 0:00:54]} h6 {[%clk 0:24:43]} 39. Bd3
{[%clk 0:01:23]} g5 {[%clk 0:24:25]} 40. h5 {[%clk 0:31:02]} Nxd4
{[%clk 0:50:59]} 41. Qb2 {[%clk 0:25:59]} Ke5 {[%clk 0:50:06]} 42. Bg6
{[%clk 0:17:11]} a5 {[%clk 0:41:44]} 43. Rb3 {[%clk 0:11:33]} Qxa4
{[%clk 0:36:32]} 44. Bc2 {[%clk 0:10:28]} Qc4 {[%clk 0:33:08]} 45. Rc3
{[%clk 0:10:03]} Qb4 {[%clk 0:32:06]} 46. Rb3 {[%clk 0:09:41]} Qc5
{[%clk 0:29:38]} 47. Rc3 {[%clk 0:09:36]} Qb6 {[%clk 0:29:49]} 48. Rb3
{[%clk 0:10:05]} Qa7 {[%clk 0:28:56]} 49. Rb7 {[%clk 0:08:21]} Rb8 50. Rxa7 Rxb2
51. Bg6 0-1

[Event "World Chess Olympiad 2018"]
[Site "Batumi"]
[Date "2018.09.30"]
[Round "6"]
[Board "3"]
[WhiteFideId "14800268"]
[White "Calicoca Wilton Inacio"]
[BlackFideId "21200203"]
[Black "Kouya Tyeoulou Bernardin Franklin"]
[Result "1-0"]
[LiveChessVersion "1.4.8"]
[BlackElo "1753"]
[WhiteElo "2135"]

1. e4 c5 2. Nf3 {[%clk 1:30:27]} d6 {[%clk 1:30:50]} 3. d4 {[%clk 1:30:20]} cxd4
{[%clk 1:31:00]} 4. Nxd4 {[%clk 1:30:48]} Nf6 {[%clk 1:31:15]} 5. Nc3
{[%clk 1:31:16]} a6 {[%clk 1:31:22]} 6. a4 {[%clk 1:30:09]} e6 {[%clk 1:29:50]}
7. Be3 {[%clk 1:30:26]} Be7 {[%clk 1:29:09]} 8. Be2 {[%clk 1:29:30]} O-O
{[%clk 1:27:10]} 9. a5 {[%clk 1:27:23]} Qc7 {[%clk 1:23:27]} 10. Qd2
{[%clk 1:23:08]} Nc6 {[%clk 1:20:08]} 11. Nb3 {[%clk 1:23:10]} Nd7
{[%clk 1:19:06]} 12. O-O {[%clk 1:20:46]} Nce5 {[%clk 1:16:50]} 13. Ra4
{[%clk 1:10:55]} b5 {[%clk 1:14:24]} 14. axb6 {[%clk 0:58:57]} Nxb6
{[%clk 1:14:32]} 15. Bxb6 {[%clk 0:59:11]} Qxb6 {[%clk 1:14:41]} 16. Qd4
{[%clk 0:59:10]} Qxd4 {[%clk 1:11:45]} 17. Nxd4 {[%clk 0:56:55]} Bb7
{[%clk 1:12:06]} 18. Rfa1 {[%clk 0:55:22]} Nc6 {[%clk 1:10:18]} 19. Nxc6
{[%clk 0:55:34]} Bxc6 {[%clk 1:10:35]} 20. Rxa6 {[%clk 0:56:03]} Bb7
{[%clk 1:10:31]} 21. Rxa8 {[%clk 0:56:16]} Rxa8 {[%clk 1:10:47]} 22. Rxa8+
{[%clk 0:56:32]} Bxa8 {[%clk 1:11:09]} 23. Bd3 {[%clk 0:52:00]} Bf6
{[%clk 1:10:39]} 24. Nd1 {[%clk 0:51:45]} d5 {[%clk 1:10:29]} 25. exd5
{[%clk 0:51:33]} Bxd5 {[%clk 1:10:47]} 26. c4 {[%clk 0:51:44]} Bb7
{[%clk 1:10:36]} 27. b4 {[%clk 0:52:04]} Bd4 {[%clk 1:10:33]} 28. Ne3
{[%clk 0:50:45]} f5 {[%clk 1:10:24]} 29. Nc2 {[%clk 0:50:43]} Ba7
{[%clk 1:10:05]} 30. c5 {[%clk 0:50:38]} Kf7 {[%clk 1:10:13]} 31. Bc4
{[%clk 0:50:11]} Ke7 {[%clk 1:10:11]} 32. Nd4 {[%clk 0:50:33]} Bc8 33. Nc6+ 1-0

[Event "World Chess Olympiad 2018"]
[Site "Batumi"]
[Date "2018.09.30"]
[Round "6"]
[Board "1"]
[WhiteFideId "22600078"]
[White "Barcon Harmon"]
[BlackFideId "32500084"]
[Black "Deng Cypriano Rehan"]
[Result "0-1"]
[LiveChessVersion "1.4.8"]
[BlackElo "2095"]
[WhiteElo "1896"]

1. e4 {[%clk 1:30:58]} e6 {[%clk 1:30:39]} 2. d4 {[%clk 1:31:16]} d5
{[%clk 1:31:00]} 3. Nd2 {[%clk 1:31:43]} Nf6 {[%clk 1:30:43]} 4. exd5
{[%clk 1:32:05]} exd5 {[%clk 1:30:53]} 5. Ngf3 {[%clk 1:32:27]} Bd6
{[%clk 1:30:57]} 6. Bd3 {[%clk 1:32:50]} O-O {[%clk 1:31:15]} 7. O-O
{[%clk 1:33:06]} Bg4 {[%clk 1:29:47]} 8. Re1 {[%clk 1:33:22]} Nbd7
{[%clk 1:29:43]} 9. Nf1 {[%clk 1:33:22]} h6 {[%clk 1:29:04]} 10. h3 Bh5
{[%clk 1:26:23]} 11. Ng3 {[%clk 1:29:23]} Re8 {[%clk 1:23:42]} 12. Nxh5
{[%clk 1:27:54]} Nxh5 {[%clk 1:23:49]} 13. Rxe8+ {[%clk 1:24:17]} Qxe8
{[%clk 1:23:47]} 14. c3 {[%clk 1:23:33]} Nhf6 {[%clk 1:19:45]} 15. Be3
{[%clk 1:23:16]} c5 {[%clk 1:17:52]} 16. dxc5 {[%clk 1:20:41]} Nxc5
{[%clk 1:18:07]} 17. Bf1 {[%clk 1:17:45]} b6 {[%clk 1:15:54]} 18. a4
{[%clk 1:17:25]} Nce4 {[%clk 1:10:35]} 19. Bb5 {[%clk 1:13:55]} Qc8
{[%clk 1:01:14]} 20. Nd4 {[%clk 1:12:07]} Bc5 {[%clk 0:58:43]} 21. Nc6
{[%clk 1:07:38]} Qc7 {[%clk 0:53:54]} 22. Nd4 {[%clk 1:06:53]} Rd8
{[%clk 0:50:10]} 23. Qf3 {[%clk 1:02:34]} Bd6 {[%clk 0:41:40]} 24. Rd1
{[%clk 1:00:26]} Bh2+ {[%clk 0:36:22]} 25. Kh1 {[%clk 0:59:55]} Bd6
{[%clk 0:36:39]} 26. Nf5 {[%clk 0:57:14]} Be5 {[%clk 0:32:13]} 27. Nd4
{[%clk 0:57:18]} Rf8 {[%clk 0:29:38]} 28. Rc1 {[%clk 0:55:29]} Nd6
{[%clk 0:24:05]} 29. Bd3 {[%clk 0:49:12]} Qd7 {[%clk 0:18:01]} 30. b3
{[%clk 0:42:45]} Nde4 {[%clk 0:14:21]} 31. Bb5 {[%clk 0:41:14]} Qd6
{[%clk 0:13:36]} 32. Nf5 {[%clk 0:30:32]} Qa3 {[%clk 0:12:08]} 33. Bf4
{[%clk 0:18:38]} Bxf4 {[%clk 0:11:29]} 34. Qxf4 {[%clk 0:18:40]} Nxf2+
{[%clk 0:11:17]} 35. Kh2 {[%clk 0:18:39]} N2e4 {[%clk 0:11:19]} 36. c4
{[%clk 0:17:24]} Ng5 {[%clk 0:05:34]} 37. cxd5 {[%clk 0:14:18]} Nxd5
{[%clk 0:05:19]} 38. Qe5 {[%clk 0:14:38]} Nf6 {[%clk 0:05:01]} 39. Rc3
{[%clk 0:14:47]} Qb2 {[%clk 0:04:31]} 40. Bc6 {[%clk 0:35:30]} Kh7
{[%clk 0:32:40]} 41. h4 {[%clk 0:34:34]} Ng4+ {[%clk 0:32:56]} 0-1

[Event "World Chess Olympiad 2018"]
[Site "Batumi"]
[Date "2018.09.30"]
[Round "6"]
[Board "2"]
[WhiteFideId "32500149"]
[White "Deng Ateny Riak Joseph"]
[BlackFideId "22600124"]
[Black "Jacob Jallah"]
[Result "0-1"]
[LiveChessVersion "1.4.8"]
[BlackElo "1835"]
[WhiteElo "2014"]

1. e4 {[%clk 1:30:16]} c6 {[%clk 1:30:47]} 2. d4 {[%clk 1:30:23]} d5
{[%clk 1:31:10]} 3. Nc3 {[%clk 1:29:37]} dxe4 {[%clk 1:31:29]} 4. Nxe4
{[%clk 1:29:35]} Bf5 {[%clk 1:31:50]} 5. Ng3 {[%clk 1:29:46]} Bg6
{[%clk 1:32:12]} 6. Nf3 {[%clk 1:29:49]} Nf6 {[%clk 1:32:14]} 7. Be2
{[%clk 1:29:32]} h6 {[%clk 1:32:27]} 8. O-O {[%clk 1:29:28]} e6 {[%clk 1:32:48]}
9. Ne5 {[%clk 1:28:50]} Bh7 {[%clk 1:32:27]} 10. f4 {[%clk 1:28:23]} Nbd7
{[%clk 1:31:55]} 11. c3 {[%clk 1:27:05]} Be7 {[%clk 1:30:58]} 12. Bc4
{[%clk 1:24:13]} Nxe5 {[%clk 1:30:46]} 13. fxe5 {[%clk 1:24:06]} Nd5
{[%clk 1:30:43]} 14. Nh5 {[%clk 1:20:33]} O-O {[%clk 1:27:37]} 15. Qg4
{[%clk 1:19:45]} Bg6 {[%clk 1:20:58]} 16. Rf3 {[%clk 1:10:00]} Bg5
{[%clk 1:13:49]} 17. Bd3 {[%clk 0:59:56]} Bxh5 {[%clk 1:11:40]} 18. Qxh5
{[%clk 1:00:03]} Bxc1 {[%clk 1:11:55]} 19. Rxc1 {[%clk 1:00:16]} Qg5
{[%clk 1:12:15]} 20. Qxg5 {[%clk 0:59:32]} hxg5 {[%clk 1:12:36]} 21. Rcf1
{[%clk 0:54:40]} f5 {[%clk 1:00:27]} 22. exf6 {[%clk 0:50:17]} gxf6
{[%clk 0:59:52]} 23. Re1 {[%clk 0:50:06]} Kf7 {[%clk 0:59:22]} 24. g3
{[%clk 0:48:58]} g4 {[%clk 0:57:04]} 25. Rf2 {[%clk 0:49:06]} f5 {[%clk 0:56:45]}
26. Re5 {[%clk 0:46:26]} Rfe8 {[%clk 0:49:33]} 27. c4 {[%clk 0:39:01]} Nb4
{[%clk 0:40:14]} 28. Be2 {[%clk 0:33:30]} Rad8 {[%clk 0:36:15]} 29. a3
{[%clk 0:27:57]} Nc2 {[%clk 0:33:00]} 30. Bxg4 {[%clk 0:20:55]} Nxd4
{[%clk 0:31:36]} 31. Re1 {[%clk 0:17:10]} Kg6 {[%clk 0:27:13]} 32. Bd1
{[%clk 0:15:19]} e5 {[%clk 0:26:37]} 33. Kg2 {[%clk 0:14:22]} Kf6
{[%clk 0:24:15]} 34. h4 {[%clk 0:12:34]} Rh8 {[%clk 0:18:44]} 35. Kh3
{[%clk 0:12:46]} Ne6 {[%clk 0:16:05]} 36. Bc2 f4 {[%clk 0:15:09]} 37. Bd1
{[%clk 0:07:02]} Rd3 {[%clk 0:15:00]} 38. Rg1 {[%clk 0:06:31]} Ng5+
{[%clk 0:12:29]} 39. Kh2 {[%clk 0:05:11]} Ne4 {[%clk 0:12:16]} 40. Rf3
{[%clk 0:34:08]} Rxf3 {[%clk 0:42:11]} 41. Bxf3 {[%clk 0:34:26]} Nxg3
{[%clk 0:42:31]} 42. Kh3 {[%clk 0:33:20]} e4 {[%clk 0:42:29]} 43. Bg4
{[%clk 0:33:15]} Rd8 {[%clk 0:42:17]} 44. Bd1 {[%clk 0:24:59]} Rd2
{[%clk 0:40:56]} 45. Kg4 {[%clk 0:25:02]} Ke5 {[%clk 0:41:02]} 46. b4
{[%clk 0:23:16]} Rh2 {[%clk 0:41:13]} 47. Kg5 {[%clk 0:22:55]} Nf5
{[%clk 0:40:22]} 48. h5 {[%clk 0:16:26]} f3 {[%clk 0:39:56]} 49. Bxf3
{[%clk 0:16:47]} exf3 {[%clk 0:40:14]} 50. Re1+ {[%clk 0:14:56]} Re2
{[%clk 0:40:33]} 0-1

[Event "World Chess Olympiad 2018"]
[Site "Batumi"]
[Date "2018.09.30"]
[Round "6"]
[Board "1"]
[WhiteFideId "8102368"]
[White "Moayed Obied"]
[BlackFideId "7603991"]
[Black "Gnaam Koteba."]
[Result "1-0"]
[LiveChessVersion "1.4.8"]
[BlackElo "2061"]
[WhiteElo "2125"]

1. d4 {[%clk 1:30:35]} d5 {[%clk 1:30:35]} 2. c4 {[%clk 1:30:58]} c6
{[%clk 1:30:57]} 3. Nf3 {[%clk 1:31:22]} Nf6 {[%clk 1:30:32]} 4. g3
{[%clk 1:25:49]} Bf5 {[%clk 1:27:06]} 5. Bg2 {[%clk 1:23:28]} e6 {[%clk 1:26:51]}
6. O-O {[%clk 1:23:00]} Bd6 {[%clk 1:25:51]} 7. Qb3 {[%clk 1:20:50]} Qb6
{[%clk 1:22:24]} 8. Nc3 {[%clk 1:18:27]} Nbd7 {[%clk 1:17:01]} 9. c5
{[%clk 1:15:33]} Qxb3 {[%clk 1:17:12]} 10. axb3 {[%clk 1:15:59]} Bc7
{[%clk 1:17:29]} 11. b4 {[%clk 1:16:00]} Ne4 {[%clk 1:04:17]} 12. Nh4
{[%clk 1:10:01]} Nxc3 {[%clk 0:56:33]} 13. bxc3 {[%clk 1:09:06]} Bg6
{[%clk 0:56:45]} 14. Nxg6 {[%clk 1:08:01]} hxg6 {[%clk 0:56:59]} 15. e4
{[%clk 1:07:23]} O-O {[%clk 0:41:38]} 16. exd5 {[%clk 0:58:58]} exd5
{[%clk 0:41:45]} 17. Re1 {[%clk 0:57:00]} Rfe8 {[%clk 0:33:46]} 18. Rxe8+
{[%clk 0:47:51]} Rxe8 {[%clk 0:33:44]} 19. Rxa7 {[%clk 0:47:47]} Re1+
{[%clk 0:22:52]} 20. Bf1 {[%clk 0:48:10]} Rxc1 {[%clk 0:20:31]} 21. Rxb7
{[%clk 0:48:31]} Nxc5 {[%clk 0:16:43]} 22. dxc5 {[%clk 0:24:26]} Be5
{[%clk 0:16:33]} 23. b5 {[%clk 0:18:15]} cxb5 {[%clk 0:13:34]} 24. c6
{[%clk 0:17:28]} Rxc3 {[%clk 0:13:15]} 25. Bxb5 {[%clk 0:17:21]} g5
{[%clk 0:11:33]} 26. Rd7 {[%clk 0:16:27]} d4 {[%clk 0:08:53]} 27. Kf1
{[%clk 0:15:06]} Kf8 {[%clk 0:05:09]} 28. Ke2 {[%clk 0:13:54]} g4
{[%clk 0:02:35]} 29. Kd2 {[%clk 0:12:13]} f6 {[%clk 0:01:34]} 30. Ba4
{[%clk 0:10:11]} g5 {[%clk 0:00:44]} 31. Rh7 {[%clk 0:09:11]} Rc4
{[%clk 0:00:42]} 32. Ra7 {[%clk 0:08:59]} Rc3 {[%clk 0:00:54]} 33. Bb5
{[%clk 0:08:50]} Bd6 {[%clk 0:00:44]} 34. Ra6 {[%clk 0:07:07]} Be5
{[%clk 0:00:50]} 35. Be2 {[%clk 0:07:27]} Ke7 {[%clk 0:00:44]} 36. Bxg4
{[%clk 0:07:19]} Bc7 {[%clk 0:00:38]} 37. Bd7 {[%clk 0:04:36]} Rb3
{[%clk 0:00:38]} 38. Ra8 {[%clk 0:03:53]} Kd6 {[%clk 0:00:35]} 39. Re8
{[%clk 0:04:03]} Rb2+ {[%clk 0:00:34]} 40. Kd3 {[%clk 0:32:45]} Rxf2
{[%clk 0:30:50]} 41. Kxd4 {[%clk 0:32:42]} Bb6+ {[%clk 0:22:59]} 42. Kc4
{[%clk 0:32:54]} Rc2+ {[%clk 0:18:01]} 43. Kd3 {[%clk 0:31:21]} Rf2
{[%clk 0:17:42]} 44. Rh8 {[%clk 0:30:26]} Kd5 {[%clk 0:17:14]} 45. g4
{[%clk 0:27:14]} Rf3+ {[%clk 0:15:09]} 46. Ke2 {[%clk 0:27:19]} Rf2+
{[%clk 0:14:59]} 47. Kd3 {[%clk 0:27:06]} Rf3+ {[%clk 0:15:20]} 48. Kc2
{[%clk 0:27:26]} Rf2+ {[%clk 0:11:00]} 49. Kb3 {[%clk 0:27:28]} Bc7
{[%clk 0:10:36]} 50. h4 {[%clk 0:26:32]} Rf3+ {[%clk 0:05:31]} 51. Kc2
{[%clk 0:26:05]} Kc4 {[%clk 0:04:37]} 52. h5 {[%clk 0:25:02]} Rf2+
{[%clk 0:03:43]} 53. Kd1 {[%clk 0:25:18]} Kd3 {[%clk 0:00:56]} 54. Bf5+
{[%clk 0:25:29]} Kc3 {[%clk 0:00:39]} 55. Rh7 {[%clk 0:22:04]} Bg3
{[%clk 0:00:34]} 56. c7 {[%clk 0:21:32]} Rd2+ {[%clk 0:00:32]} 57. Kc1
{[%clk 0:21:55]} 1-0